Bitcoin a jeho vzťah k iným kryptomenám bakalárska práca

Uložené v:
Podrobná bibliografia
Hlavný autor: Repáš, Damiján
Korporativný autor: Národohospodárska fakulta EU. Katedra bankovníctva a medzinárodných financií
Ďalší autori: Zelenková, Natália, 1985-
Médium: Kniha
Jazyk:Slovak
Vydavateľské údaje: Bratislava 2022
Tagy: Pridať tag
Žiadne tagy, Buďte prvý, kto otaguje tento záznam!

MARC

LEADER 00000nbm a2200000 4500
001 0285007
005 20221006133952.8
041 0 |a slo 
044 |a SK 
245 1 0 |a Bitcoin a jeho vzťah k iným kryptomenám  |b bakalárska práca  |c Damiján Repáš ; školiteľ: Natália Zelenková 
264 1 |a Bratislava  |c 2022 
300 |a 74 s. 
100 1 |a Repáš, Damiján 
700 1 |a Zelenková, Natália, 1985- 
710 2 |a Národohospodárska fakulta EU. Katedra bankovníctva a medzinárodných financií